Statistiques concernant Arrêts de la ligne de bus 64 (Nice - Lignes d'Azur)

Cliquez ici pour prendre le quiz!

Statistiques générales

  • Ce quiz a été pris 4 fois
  • Le résultat moyen est 22 sur 37

Statistiques - réponses

Réponse% Correct
Emmanuel
100%
Gare Thiers
100%
Le Génie
100%
Le Piol - Saint-Pierre
100%
Lou Castel
100%
<Poste Thiers
100%
Saint-Pancrace
100%
Terrasses
100%
Thiers - Gambetta
100%
Tzaréwitch
100%
Tzaréwitch - Gambetta
100%
Balcons Parc Impérial
50%
Beau Site
50%
Boulangerie-Oliviers
50%
Charmettes
50%
Châteauneuf
50%
Clair de Lune
50%
Escalier - Saint-Pierre
50%
Évelins
50%
Institution Sourds et Muets
50%
La Costière
50%
Le Hameau
50%
Le Mas - Saint-Pierre
50%
Le Perchoir
50%
Les Cliniques
50%
Les Cougourdons
50%
Les Crêtes - Oliviers
50%
Les Oliviers
50%
Maternelle
50%
Mistinguette
50%
Paradis
50%
Petit Saint-Pierre
50%
Saint-Pierre-de-Féric
50%
Hameaux de Saint-Pancrace
0%
Le Restaurant
0%
Les Cigales
0%
Les Palmiers - Saint-Pierre
0%

Distribution des résultats

Percentile par nombre de réponses

% des personnes avec chaque résultat

Votre développement - résultats

Vous n’avez pas pris ce quiz